Roles of the JetPunk Discord Server - Statistics

General Stats
  • This quiz has been taken 81 times
    59 since last reset
  • The average score is 4 of 6
Answer Stats
Number of Users Answer % Correct
1 Admin
91%
3 Junior Moderator
87%
1 Quizmaster
84%
17 FC
67%
35 Honorable Member
60%
21 JetPunk Premium User
47%
No matching quizzes found
Score Distribution
Percent of People with Each Score
Percentile by Number Answered
Your Score History
You have not taken this quiz since the last reset